El cronista del porvenir : (Record no. 132443)

MARC details
000 -LEADER
campo de control de longitud fija 00899nam a2200181 i 4500
001 - NÚMERO DE CONTROL
campo de control 132443
003 - IDENTIFICADOR DE NÚMERO DE CONTROL
campo de control ES-MaACL
005 - FECHA Y HORA DE LA ÚLTIMA TRANSACCIÓN
campo de control 20230906194159.0
007 - CAMPO FIJO DE DESCRIPCIÓN FÍSICA--INFORMACIÓN GENERAL
campo de control de longitud fija t|
008 - DATOS DE LONGITUD FIJA--INFORMACIÓN GENERAL
campo de control de longitud fija 070214s1907 sp r ||||1| spa d
100 1# - ENTRADA PRINCIPAL--NOMBRE DE PERSONA
Nombre de persona Romero Landa, Gabriel Arturo.
9 (RLIN) 99401
245 13 - MENCIÓN DEL TÍTULO
Título El cronista del porvenir :
Resto del título artículos publicados por "La Almudaina" de Palma de Mallorca en honor del Ilmo. Sr. D. Domingo Gascón y Guimbao, cronista de la provincia de Teruel, y reproducidos con datos biográficos y bibliográficos del mismo, a expensas de la Colonia aragonesa en Baleares /
Mención de responsabilidad, etc. Gabriel A. Romero Landa.
260 ## - PUBLICACIÓN, DISTRIBUCIÓN, ETC.
Lugar de publicación, distribución, etc. Palma de Mallorca :
Nombre del editor, distribuidor, etc. [s. n.],
Fecha de publicación, distribución, etc. 1907 (
Fabricante Tipo-Litografía de Amengual y Muntaner)
300 ## - DESCRIPCIÓN FÍSICA
Extensión 200 p. :
Otras características físicas il. ;
Dimensiones 22 cm.
599 ## - NOTA A LAS ILUSTRACIONES
NOTA A LAS ILUSTRACIONES Con retr. de Domingo Gascón.
600 14 - PUNTO DE ACCESO ADICIONAL DE MATERIA--NOMBRE DE PERSONA
Nombre de persona Gascón y Guimbao, Domingo.
9 (RLIN) 55865
852 ## - LOCALIZACIÓN
Ubicación ES-MaACL
Número de control de estantería T-1172-F-3
Nota libre - Dedicatoria autógrafa del autor
Holdings
Estatus retirado Estado de pérdida Estado de daño No para préstamo Colección Biblioteca de origen Biblioteca actual Ubicación en estantería Fecha de adquisición Fuente de adquisición Total de préstamos Signatura topográfica completa Código de barras Visto por última vez Precio de reemplazo Tipo de ítem Koha
        Colección de folletos Biblioteca del Ateneo de Madrid Biblioteca del Ateneo de Madrid Depósito folletos 17/01/2008     T-1172-F-3 1137888 23/02/2023 23/02/2023 Folleto